书目信息 |
| 题名: |
从燃烧到熔化
|
|
| 作者: | 拉弗蒂, 著 ;金蓉 译 | |
| 分册: | ||
| 出版信息: | 北京 科学普及出版社 2018.01 |
|
| 页数: | 31页 | |
| 开本: | 29cm | |
| 丛书名: | 掌上科技馆 | |
| 单 册: | ||
| 中图分类: | O643.2 , TB4-49 | |
| 科图分类: | ||
| 主题词: | 燃烧--ran shao--少年读物 , 熔化--rong hua--少年读物 | |
| 电子资源: | ||
| ISBN: | 978-7-110-07428-2 | |
| 000 | 01297nam 2200349 450 | |
| 001 | 202019134461 | |
| 005 | 20191002113834.0 | |
| 010 | @a978-7-110-07428-2@dCNY18.00 | |
| 100 | @a20190928d2018 cemy0chiy50 ea | |
| 101 | 1 | @achi@ceng |
| 102 | @aCN@b110000 | |
| 105 | @aac z 000yy | |
| 106 | @ar | |
| 200 | 1 | @a从燃烧到熔化@Acong ran shao dao rong hua@f(英) 皮特·拉弗蒂著@g金蓉译 |
| 210 | @a北京@c科学普及出版社@d2018.01 | |
| 215 | @a31页@c彩图, 肖像@d29cm | |
| 225 | 2 | @a掌上科技馆@Azhang shang ke ji guan |
| 225 | 2 | @a奇趣科学馆@Aqi qu ke xue guan |
| 306 | @a由Aladdin Books Limited授权出版 | |
| 312 | @a英文题名取自封面 | |
| 330 | @a本书内容广泛, 从物质如何燃烧, 到燃料如何在引擎中通过燃烧发出热能做功, 通过大量的实例展示说明了物质的燃烧与熔化过程。在书中还介绍了一些小知识, 告诉你怎样使用身边的工具作为实验设备来体验热能的作用。同时, 通过一些有趣的小问题, 让你对热能有更进一步的了解。 | |
| 410 | 0 | @12001 @a掌上科技馆 |
| 410 | 0 | @12001 @a奇趣科学馆 |
| 500 | 10 | @aBurning & melting@mChinese |
| 606 | 0 | @a燃烧@Aran shao@j少年读物 |
| 606 | 0 | @a熔化@Arong hua@j少年读物 |
| 690 | @aO643.2@v5 | |
| 690 | @aTB4-49@v5 | |
| 701 | 1 | @a拉弗蒂,@Ala fu di@b皮特@4著 |
| 702 | 0 | @a金蓉@Ajin rong@4译 |
| 801 | 0 | @aCN@c20190905 |
| 905 | @a河南城建学院图书馆@dO643.2@eL004 | |
| 从燃烧到熔化/(英) 皮特·拉弗蒂著/金蓉译.-北京:科学普及出版社,2018.01 |
| 31页:彩图, 肖像;29cm.-(掌上科技馆).-(奇趣科学馆) |
| ISBN 978-7-110-07428-2:CNY18.00 |
| 本书内容广泛, 从物质如何燃烧, 到燃料如何在引擎中通过燃烧发出热能做功, 通过大量的实例展示说明了物质的燃烧与熔化过程。在书中还介绍了一些小知识, 告诉你怎样使用身边的工具作为实验设备来体验热能的作用。同时, 通过一些有趣的小问题, 让你对热能有更进一步的了解。 |
| ● |
| 相关链接 |
|
|
|
正题名:从燃烧到熔化
索取号:O643.2/L004
 
预约/预借
| 序号 | 登录号 | 条形码 | 馆藏地/架位号 | 状态 | 备注 |
| 1 | 1442499 | 214424997 | 自科库401/401自科库 64排5列3层/ [索取号:O643.2/L004] | 在馆 | |
| 2 | 1442500 | 214425004 | 自科库401/401自科库 64排5列3层/ [索取号:O643.2/L004] | 在馆 |